00973cam a22002411 4500999001300000001000600013003000900019005001700028008004100045020001800086040003800104082001900142100002400161245010300185260003700288300002900325504004000354650001700394650004100411942001200452952013500464952013200599 c850d85019170BD-DhUAP20200128143344.0200127m2014 bg a b 000 0 eng  a9789351431282 aBD-DhUAPcBD-DhUAPdBD-DhUAPbEng 223a341.48 SIN aSinha, Manoj Kumar. aHandbook of legal instruments on international human rights and refugee laws /cManoj Kumar Sinha. aNew Delhi :bLexisNexis,cc2014. axiv, 957 pages ;c24 cm. aIncludes bibliographical reference. aHuman rights aRefugees -- Legal status, laws, etc. 2ddccBK 00102ddc4070aUAPCLbUAPCLcGeneral Stacksd2020-01-28l3m2o341.48 SINp3010019170r2024-09-03s2024-01-27t1w2020-01-28yBK 00102ddc4070aUAPCLbUAPCLcGeneral Stacksd2020-01-28l3o341.48 SINp3010019171r2025-04-27s2025-04-19t2w2020-01-28yBK